000 00450nam a22001697a 4500
003 SGT
020 _a9789354654321
082 _a617.3
_bP24S
100 _aSHETH, MEGHA SANDEEP
245 _aPHYSIOTHERAPY IN ORTHOPAEDIC AND RHEUMATOLOGIC CONDITIONS
250 _a1ST
260 _aINDIA
_bJAYPEE PUB
_c2024
300 _a888
650 _aPHYSIOTHERAPY
653 _aPHYSIOTHERAPY IN ORTHOPAEDIC AND RHEUMATOLOGIC CONDITIONS
942 _2ddc
_cBK
999 _c30984
_d30984